MDQL
is popping MORE tags! Check the
thread
!
Quizzes
Events
Quiz Creation
Community
Videos
Private Events
Remove Ads
Sign In
Join for FREE
Feedback
Dark Mode
Quiz Categories
Sports
Geography
Music
Movies
Television
Just For Fun
Miscellaneous
History
Literature
Language
Science
Gaming
Entertainment
Religion
Holiday
For Kids
Quiz Lab
Recent
Popular Today
Quiz Kudos Today
Editor Picks
Curator Picks
Quizzes by...
Day
Popularity
Type
Ratings
Length
Year
Community
Subscriptions
Recent Discussions
Orange Saloon
Badges
Playlists
Quests
Create
Leaderboards
Showdown
Live 5
Trivia Bingo
Activity
Puzzle Library
Sporcle Events
Private Events
Virtual Trivia
Globe League
Become a Host
Pub Owners
SporcleCon
Opinionation
Our Games
Videos
Blog
Mobile Apps
Partnerships
Remove Ads and Go Orange
Feedback
Sports
Athletes
MLB
NBA
NHL
NFL
Soccer
Sports Teams
WWE
NCAA
Football
Premier League
Basketball
Baseball
Hockey
Golf
Tennis
Cricket
Rugby
Auto Racing
Olympics
World Cup
Sports
Athletes
MLB
NBA
NHL
NFL
Soccer
Sports Teams
WWE
NCAA
Football
Premier League
Basketball
Baseball
Hockey
Golf
Tennis
Cricket
Rugby
Auto Racing
Olympics
World Cup
Random Quiz
Search Sporcle
×
Curator Pick
Curator Pick
Sports
NHL
Type in answers that appear in a list
Type in answers that appear in a list
Classic
Best Score? Go Orange.
NHL Forwards with more career goals than assists Stats
Can you name the NHL forwards who have scored more career goals than assists (min. 200 goals)?
By
Otnorot
10m
80 Questions
3,954 Plays
3,954 Plays
3,954 Plays
Comments
Comments
Give Quiz Kudos
Give Quiz Kudos
-
- Ratings
hide this ad
More Info
Replay
Link that replays current quiz
Next Quiz
Link to next quiz in quiz playlist
You Got
0%
They Got
Avg Score
26%
Avg Friend Score
Upgrade to see
Score Distribution
Jump to the score distribution portion of the page
Score
0/80
Timer
10:00
1
Play Today
Seasons/Team
Player
% Correct
1986-
06 STL
Brett Hull
92.6%
1957-
80 CHI
Bobby Hull
91.5%
2005-
23 WSH
Alex Ovechkin
90.4%
1977-
87 NYI
Mike Bossy
79.9%
1942-
60 MTL
Maurice Richard
77.6%
2001-
20 ATL
Ilya Kovalchuk
75.6%
1990-
07 WSH
Peter Bondra
73.1%
2002-
18 CBJ
Rick Nash
71.7%
1991-
03 VAN
Pavel Bure
70.4%
1979-
98 WSH
Mike Gartner
70.1%
2016-
23 TOR
Auston Matthews
68.5%
2008-
20 TBL
Steven Stamkos
66.6%
1991-
10 PHX
Keith Tkachuk
63.7%
1980-
99 MNS
Dino Ciccarelli
60.8%
1986-
07 CGY
Joe Nieuwendyk
57.6%
1983-
96 BOS
Cam Neely
57.6%
2012-
23 NYI
Anders Lee
54.6%
2005-
23 LAK
Jeff Carter
50.3%
1985-
00 TOR
Wendel Clark
49.1%
2008-
23 MTL
Max Pacioretty
46.8%
2012-
23 NYR
Chris Kreider
44.2%
1972-
85 MTL
Steve Shutt
43.5%
1979-
92 TOR
Rick Vaive
41.7%
1971-
82 BUF
Rick Martin
41.5%
2010-
23 CAR
Jeff Skinner
41.3%
1980-
93 PHI
Tim Kerr
39.7%
2008-
22 PIT
James Neal
39.1%
2011-
22 CBJ
Cam Atkinson
38.9%
1970-
83 PHI
Reggie Leach
38.7%
1984-
02 MTL
Stephane Richer
37.1%
1987-
03 NYR
Adam Graves
30.4%
1991-
08 BOS
Glen Murray
29.9%
1923-
37 MTL
Howie Morenz
29.8%
1991-
10 NJD
Bill Guerin
28.9%
2005-
18 VAN
Alexandre Burrows
28.8%
1974-
87 BUF
Danny Gare
28.6%
2012-
23 MTL
Brendan Gallagher
28.3%
2009-
23 TOR
James van Riemsdyk
27.9%
2013-
23 NYI
Brock Nelson
27.6%
1990-
08 HAR
Geoff Sanderson
27.5%
Seasons/Team
Player
% Correct
1987-
00 DET
Ray Sheppard
27.2%
1968-
82 PIT
Jean Pronovost
27.1%
2009-
23 WPG
Evander Kane
25.7%
1967-
83 STL
Garry Unger
24%
2010-
23 NJD
Kyle Palmieri
23.4%
1981-
92 VAN
Tony Tanti
21.3%
1983-
95 HAR
Sylvain Turgeon
20.4%
1994-
06 CHI
Eric Daze
18.8%
1973-
84 HAR
Blaine Stoughton
18.7%
1981-
93 STL
Mark Hunter
18.4%
1963-
81 TOR
Ron Ellis
17.6%
1917-
29 OTT
Cy Denneny
16.6%
1978-
90 CHI
Al Secord
16.4%
1938-
52 CHI
Roy Conacher
16.3%
1929-
41 TOR
Charlie Conacher
16.3%
1922-
38 MTL
Aurele Joliat
15.8%
1925-
40 MTM
Nels Stewart
15.6%
1952-
73 TOR
Ron Stewart
15.5%
1964-
78 MNS
Bill Goldsworthy
14.5%
1967-
76 DET
Mickey Redmond
12.7%
1996-
11 TBL
Fredrik Modin
12.3%
1929-
44 TOR
Busher Jackson
12%
1985-
99 DET
Petr Klima
11.8%
1926-
37 NYR
Bill Cook
11.5%
1919-
31 TOR
Babe Dye
10.7%
1988-
01 LAK
Tony Granato
9.6%
1996-
13 PHI
Mike Knuble
9.5%
2010-
23 MIN
Nino Niederreiter
9.4%
1990-
04 BUF
Donald Audette
8.4%
1978-
91 BUF
Tony McKegney
7.1%
1973-
84 VAN
Darcy Rota
7%
1998-
11 NYI
Mark Parrish
6.9%
1975-
88 ATF
Willi Plett
6.7%
1970-
81 TOR
Errol Thompson
6.1%
1995-
09 MTL
Richard Zednik
5.7%
1953-
70 NYR
Camille Henry
5.1%
1958-
75 TOR
Eddie Shack
4%
1933-
46 BOS
Herb Cain
3.8%
1983-
94 MTL
Mike McPhee
3.4%
1941-
57 TOR
Harry Watson
2.9%
Quiz Playlist
Details
Report
Send in Message
Add To Playlist
More Info:
2022-23. Minimum 200 career goals. Team listed is the team for which the player scored most (regular season) goals during his career.
Classic:
Type in answers that appear in a list
Quiz Source
Last Updated: Apr 15, 2023
Curator Pick in
NHL
Quiz Scoreboard
CHALLENGE
Sign Up to Join the Scoreboard
Show All
Scores
Hide
Comments
May contain spoilers
Recently Published
Colored Red Africa Blitz
by spor1
Geography
30s
Find the 'City' Movie
by crazypaving
Movies
60s
5x2 Blitz: Bands
by SL_Kpop136
Music
30s
More to Explore
Quiz From the Vault
Featured Blog Post
14 Easter Pick-up Lines to Find Eggs With
hide this ad
You Might Also Like...
Tags
Hockey Quiz
NHL Quiz
assist
Career
Forward
goal
Player
Today's Top Quizzes in Sports
Browse Sports
hide this ad
Today's Top Quizzes in NHL
Browse NHL
Top Contributed Quizzes in Sports
1
Les entraîneurs de l'OM et du PSG au 21e siècle
2
Les meilleurs buteurs des matchs entre le PSG et l’OM
3
Players with Multiple 50 Home Run Seasons
4
2022 World Cup Stars
5
Les joueurs passés par le PSG et l'OM
6
NBA Logic Puzzle 2.0
7
Criteria MLB: Left Handed Sluggers
8
MLB Players with Two .350 Batting Average Seasons
9
Top 10 NHL Goal Scorers of All Time
10
Who Hit More Homers?
Explore More
Trending Topics
Marvel
Kpop
Harry Potter
Disney
Anime
NBA
Crossword
Country
The Office
Pokémon
Soccer
Song
Puzzle
NFL
WWE
hide this ad
More By:
Otnorot
Quiz
Plays
Rating
Category
Featured
Created
NHL 40 Goals Scored In a Season
37,032
4.56
Sports
Oct 31, 2011
10+ Goals in the NHL Playoffs
31,309
4.63
Sports
Apr 20, 2012
NHL Top Starting Lineup per Team (2000s)
28,364
4.48
Sports
Oct 11, 2011
NHL: Top Single Season Points Per Team (2000s)
20,009
4.44
Sports
Jan 1, 2016
NHL Top 300 most points in a single season
18,929
4.60
Sports
Mar 2, 2012
Go to Creator's Profile
Score Distribution
Quiz Creator Spotlight
Otnorot
Follow
Send a Message
Quizzes Created
-
Created Quiz Play Count
-
More By This Creator
Popular Quizzes Today
1
Colored Red Africa Blitz
2
Find the 'City' Movie
3
5x2 Blitz: Bands
4
Find the US States - No Outlines Minefield
5
The Countries of the World
6
Find the US States
7
US States
8
Find the Countries of Europe - No Outlines Minefield
More Sports Quizzes
Indianapolis Colts Yearly Receiving Leaders
Quiz Lab
Trending Quizzes
Colored Red Europe Blitz I
Colored Red Europe Blitz II
Colored Red Africa Blitz II
Colored Red Europe Blitz III
Colored Red Africa Blitz III
Recently Updated
How Do You Spell That?
pecheneg
Godzilla Movies
pecheneg
Grab Bag: 4-10 Letters
pecheneg
2024 March Madness Bracket
pecheneg
Famous TV Couples
Peacemaker
Champions League XIs: Real Madrid
pecheneg
Largest US Cities 1790-2010
pecheneg
Rides in Walt Disney World
pecheneg
Most Oscar Losses (Acting)
pecheneg
Beyoncé Albums
pecheneg
Trending Topics
Harry Potter
Disney
Kpop
Anime
Marvel
Crossword
NBA
WWE
Country
Song
The Office
Puzzle
Pokémon
Soccer
NFL
Your Account Isn't Verified!
In order to create a playlist on Sporcle, you need to verify the email address you used during registration. Go to your
Sporcle Settings
to finish the process.
Report this User
Report this user for behavior that violates our
Community Guidelines
.
Details:
Send Report
Go to the Sporcle.com Mobile Site →
Comments